000 01831nam a2200433 i 4500
001 bg
003 BPK
005 20191105144120.0
008 s2004 pl f |100 0 pol
020 _a8373650571
040 _cBPK
080 _a621.38
080 _a621.3.049.77
080 _a(06)
111 2 _aKrajowa Konferencja Elektroniki
_n(3 ;
_d2004 ;
_cKołobrzeg)
245 1 0 _aTrzecia Krajowa Konferencja Elektroniki [KKE, Kołobrzeg 16-18 czerwca 2004] :
_bmateriały konferencji.
_nT.1/2 [właśc. t.1] /
_c[kom. red. Włodzimierz Janke, Maciej Bączek, Stefan Łuczak] ; org. Wydział Elektroniki Politechniki Koszalińskiej.
246 1 4 _aIII Krajowa Konferencja Elektroniki
246 1 3 _aKrajowa Konferencja Elektroniki, 3
260 _aKoszalin :
_bWydaw. Uczelniane PK,
_c2004.
300 _a395 s. :
_bil. ;
_c24 cm.
500 _aStreszcz. przy ref.
500 _aZbędne łamanie przy numerze tomu.
504 _aBibliogr przy ref.
546 _aTekst częśc. ang.
650 4 _aOptoelektronika
650 4 _aUkład cyfrowy
650 4 _aAnalogowy układ elektroniczny
650 4 _aElektronika
655 4 _aMateriały konferencyjne
650 4 _aUkład elektroniczny
700 1 _aBączek, Maciej.
_eRedakcja
700 1 _aŁuczak, Stefan.
_eRedakcja
710 2 _aWydział Elektroniki (Politechnika Koszalińska)
710 2 _aWydawnictwo Uczelniane (Politechnika Koszalińska)
700 1 _aJanke, Włodzimierz
_eRedakcja
856 _uhttp://dlibra.tu.koszalin.pl/dlibra/docmetadata?id=343&from=&dirids=1&ver_id=&lp=2&QI=
_yBiblioteka Cyfrowa
856 _uhttp://koha.tu.koszalin.pl/cgi-bin/koha/opac-detail.pl?biblionumber=44702
_yKatalog online BPK
942 _cKS
_2UKD
999 _c44702
_d44702